000 00757nam a2200289Ia 4500
005 20260324123130.0
008 008 260324s9999 xx 000 0 eng d
020 _a9781482282498
037 _aEBOOK
040 _aCRL
040 _beng
040 _cCRL
041 _2eng
041 _aeng
084 _qCRL
100 _aGavriel Salvendy; Waldemar Karwowski
_91169141
245 0 _aAdvances in Human Factors and Ergonomics 2012- 14 Volume Set
245 0 _bProceedings of the 4th AHFE Conference 21-25 July 2012
260 _bTaylor and Francis
260 _c2012
365 _a
365 _b1950
856 _uhttp://www.taylorfrancis.com/books/9781482282498
942 _cEBOOK
999 _c1762398
_d1762398